00394nam a2200133 a 45000010010000000030011000100080041000210350026000620820018000881000021001062450054001272600047001816500032002280000-9133ELIB.Books110520 1938  a(ELIB.Books)0000-9285 a268.433 bBur aBurkhart, Roy A aUnderstanding Youth: His Search for a way of life bNew York: Abingdon-Cokesbury Press c1938 aChristian Education - Youth